00793nam a2200205Ia 4500001000700000003000500007008004100012010001100053040000900064082001600073100002200089240003400111245010100145260003000246300001100276500019200287503003800479650003300517700003700550Z_3114CHAP220113s9999 xx 000 0 und d a166213 cCHAP a636.089 K45 aKelly, William R. aVeterinary clinical diagnosis aDiagnóstico clínico veterinario /cWilliam R. Kelly; traducción D. Manuel Barberán Roda aMéxico :bCECSA,c  a444 p. aTraducido de la obra en inglés: Veterinary clinical diagnosis. La biblioteca cuenta con las reimpresiones: 4a reimpresión de 1981, 5a reimpresión de 1983 y 7a reimpresión de 1988 aej.1: C/E \ ej.2: C/E \ ej.3: C/E aVeterinaríaxDiagnóstico aBarberán Roda, D. Maunuel, tr.